Statistics for Two Truths and a Lie - Geography Edition

Click here to take the quiz!

General Stats

  • This quiz has been taken 82 times
  • The average score is 9 of 15

Answer Stats

Question Answer % Correct
Correctly identify the incorrect statement.Australia is the world's southernmost country
84%
Correctly identify the incorrect statement.The ruins of Machu Picchu are in Brazil
84%
Correctly identify the incorrect statement.Rio de Janeiro is the capital of Brazil
81%
Correctly identify the incorrect statement.Mount Everest is entirely in China
81%
Correctly identify the incorrect statement.The island of Corsica belongs to Italy
74%
Correctly identify the incorrect statement.Glasgow is the capital of Scotland
68%
Correctly identify the incorrect statement.The city of Shenyang is in South Korea
65%
Correctly identify the incorrect statement.The Tropic of Cancer lies at about 18.7° North
61%
Correctly identify the incorrect statement.This is the flag of Laos:
58%
Correctly identify the incorrect statement.Astana is the capital of Kazakhstan
55%
Correctly identify the incorrect statement.Stockholm has never hosted the Olympic Games
55%
Correctly identify the incorrect statement.Baghdad, Iraq is on the Iranian border
55%
Correctly identify the incorrect statement.Syria borders Saudi Arabia
48%
Correctly identify the incorrect statement.Calgary is the capital of Alberta
42%
Correctly identify the incorrect statement.Oxford is the world's oldest university
35%

Score Distribution

Percentile by Number Answered

Percent of People with Each Score

Your Score History

You have not taken this quiz